000 00652cam a2200241 4500
001 J62795
008 000000n2000 000 0 eng u
035 _a(Sirsi) u109217
041 _aENG
110 _aColliers Erdman Lewis
_93659
245 _aMidsummer retail report 2000
260 _aLondon
_bColliers Erdman Lewis
_c2000
300 _a23p. ; 30cm.
650 _aFACTORY OUTLETS
650 _aGERMANY
650 _aNORTHERN IRELAND
650 _aPROPERTY INVESTMENT
650 _aPROPERTY MARKET
650 _aRETAIL PROPERTY
650 _aSHOPPING CENTRES
690 _aPROPERTY-COMMERCIAL PROPERTY-RETAIL PROPERTY
942 _n0
999 _c100904
_d100904